| 000 | 00442nam a2200145 4500 | ||
|---|---|---|---|
| 005 | 20260530115255.0 | ||
| 100 | 1 |
_aNational Health and Welfare Canada _930329 |
|
| 245 | 1 | 0 | _aGuidelines for Fitness Centers and Health Clubs (eng and french) |
| 264 | 1 |
_bMinister of Health Canada _c1980 |
|
| 300 | _a180 páginas | ||
| 500 | _aLibro de Referencia | ||
| 336 |
_atexto _2rdacontent |
||
| 337 |
_asin medio _2rdamedia |
||
| 338 |
_avolumen _2rdacarrier |
||
| 999 |
_c12556 _d12556 |
||